000 00383nam a2200157Ia 4500
008 240729s9999 xx 000 0 und d
022 _a1873-149X
245 0 _aPathophysiology
260 _aSwitzerland
260 _bMDPI AG
650 _a Physiology
650 _aScience
856 _uhttps://doaj.org/toc/f53a483a1be2462aa60ce4c36ebd4dac
942 _2ddc
942 _cDOAJEJ
999 _c71856
_d71856
945 _a1
_bMadushi Gamage
_c1
_dMadushi Gamage